| 000 | 00759nam a2200241Ia 4500 | ||
|---|---|---|---|
| 003 | OSt | ||
| 005 | 20220927105157.0 | ||
| 006 | a|||||r|||| 00| 0 | ||
| 007 | ta | ||
| 008 | 220926b |||||||| |||| 00| 0 eng d | ||
| 024 | _a169319 | ||
| 037 | _cReference Collections | ||
| 040 |
_aRTL _cRTL _beng |
||
| 041 |
_2eng _aeng |
||
| 082 | _a"X9(J781).2.N87<--<86r, M7/GD" | ||
| 110 |
_aIndian cotton mills federation _9370690 |
||
| 245 | 0 | _areport for the year 1986- 87 and 89- 90 | |
| 260 |
_aBombay _bIndian mills corporation India _c1968 |
||
| 300 |
_a105p _ccm. |
||
| 700 |
_aIndian cotton mills federation _9370691 |
||
| 942 |
_h"X9(J781).2.N87<--<86r, M7/GD" _cCC |
||
| 999 |
_c691023 _d691023 |
||